000 00804nam a2200205Ii 4500
003 JO-AjNU
008 230605s9999||||xx |||||||||||||| ||und||
040 _aJO-AjNU
_bara
_erda
_cJO-AjNU
041 _aara
050 1 4 _aBP134.G6.M3388.1988
100 3 _aتأليف ، حسن، محمد كامل؛ مراجعة حسن تميم,
_eauthor
_920480
245 0 0 _aالموسوعة القرآنية : فضائل الآيات في القرآن الكريم
264 3 1 _aبيروت: المكتب العالمي للطباعة والنشر، 1988
300 _a122ص
336 _atext
_btxt
_2rdacontent
337 _aunmediated
_bn
_2rdamedia
338 _avolume
_bnc
_2rdacarrier
490 0 _aالموسوعة القرآنية
650 4 _aالقرآن -- فضائل القرآن -- تفاسير
_920481
999 _aA6948
_c10516
_d10516